Priestorové aspekty súčasnej maďarskej zahraničnej politiky. Karpatská kotlina
Analýza priestorových priorít maďarskej zahraničnej politiky - Karpatskej kotliny, z hľadiska teórie zahraničnej politiky a medzinárodných vzťahov.
Enregistré dans:
| Auteur principal: | |
|---|---|
| Format: | Chapitre de livre |
| Langue: | slovaque |
| Sujets: | |
| Tags: |
Pas de tags, Soyez le premier à ajouter un tag!
|
MARC
| LEADER | 00000naa a2200000 4500 | ||
|---|---|---|---|
| 001 | 0251402 | ||
| 005 | 20240502074031.5 | ||
| 041 | 0 | |a slo | |
| 044 | |a SK | ||
| 245 | 1 | 0 | |a Priestorové aspekty súčasnej maďarskej zahraničnej politiky. Karpatská kotlina |c Milan Kurucz |
| 520 | |a Analýza priestorových priorít maďarskej zahraničnej politiky - Karpatskej kotliny, z hľadiska teórie zahraničnej politiky a medzinárodných vzťahov. | ||
| 610 | 2 | 0 | |a Maďarsko |
| 610 | 2 | 0 | |a vzťahy medzinárodné |
| 610 | 2 | 0 | |a politika zahraničná |
| 610 | 2 | 0 | |a geopolitika |
| 100 | 1 | |a Kurucz, Milan, 1954- | |